| 000 | 00341nam a22001457a 4500 | ||
|---|---|---|---|
| 020 | _a81-219-0935-X | ||
| 082 |
_a900 _bMAH/M |
||
| 100 | _aMAHAJAN, V.D | ||
| 245 | _aMODERN INDIAN HISTORY | ||
| 250 | _aSEVENTEENTH EDITION | ||
| 260 |
_aDELHI _bS. CHAND & COMPANY _c2004 |
||
| 300 | _a685 | ||
| 650 |
_aHISTORY REFERENCE _zINDIA |
||
| 942 | _cBK | ||
| 999 |
_c1535 _d1535 |
||